00728nam a2200181Ia 4500001000700000003000500007008004100012010001100053040000900064100004100073245018000114260004100294300001100335502007600346650002800422650003300450700006300483Z_1829CHAP220113s1997 xx 000 0 und d a164923 cCHAP aMójica Zárate, Héctor Tecumshe aDiseño y equipamiento de instalaciones para bovinos productores de carne /cpor Héctor Tecumshe Mójica Zárate, René Martínez Abrajan y Jairo Alonso Vargas Medina aChapingo, Méx. :bEl autor,c1997 a152 h. aTesis (Ing. Agr. Esp. en Zootecnia) -- UACH. Departamento de Zootecnia aConstrucciones rurales  aEstablosxDiseños y planos aVargas Medina, Jairo Alonso II. Martínez Abrajan, René